[Event "Olimpiada Dresden 2008 Femenina"]
[Site "Dresden GER"]
[Date "2008.11.15"]
[Round "3.3"]
[White "Schuurman, Petra"]
[Black "Zhao, Xue"]
[Result "1/2-1/2"]
[WhiteElo "2324"]
[BlackElo "2518"]
[PlyCount "67"]
[EventDate "2008.11.13"]
[EventType "team-tourn"]
[EventRounds "11"]
[EventCountry "GER"]
[Source "lmi"]
[SourceDate "2008.11.13"]
[WhiteTeam "Holanda"]
[BlackTeam "China"]
[WhiteTeamCountry "NED"]
[BlackTeamCountry "CHN"]

1. d4 d5 2. c4 c6 3. Nf3 e6 4. e3 Bd6 5. b3 f5 6. Be2 Nf6 7. O-O Qe7 8. Bb2 O-O
9. Qc1 Bd7 10. Ba3 Be8 11. Bxd6 Qxd6 12. Ne5 Nbd7 13. Qb2 Bh5 14. f3 Qe7 15.
Nxd7 Nxd7 16. Nc3 a6 17. Qd2 Rad8 18. Rfe1 dxc4 19. Bxc4 c5 20. Qf2 Nb6 21. Bf1
cxd4 22. exd4 Bf7 23. Ne2 Nd5 24. Ng3 Qd6 25. Bc4 Nf4 26. Rad1 b5 27. Bf1 Qb6
28. a4 Rd6 29. axb5 axb5 30. Re5 Nd5 31. Rc1 Rfd8 32. Rc5 b4 33. Ne2 h6 34. h3
1/2-1/2

[Event "Olimpiada Dresden 2008 Femenina"]
[Site "Dresden GER"]
[Date "2008.11.15"]
[Round "3.3"]
[White "Van Weersel, Arlette"]
[Black "Tan, Zhongyi"]
[Result "0-1"]
[WhiteElo "2209"]
[BlackElo "2395"]
[PlyCount "157"]
[EventDate "2008.11.13"]
[EventType "team-tourn"]
[EventRounds "11"]
[EventCountry "GER"]
[Source "lmi"]
[SourceDate "2008.11.13"]
[WhiteTeam "Holanda"]
[BlackTeam "China"]
[WhiteTeamCountry "NED"]
[BlackTeamCountry "CHN"]

1. e4 c5 2. Nf3 d6 3. d4 cxd4 4. Nxd4 Nf6 5. Nc3 Nc6 6. Bg5 e6 7. Qd2 Qb6 8.
Bxf6 gxf6 9. Nb3 Bd7 10. O-O-O O-O-O 11. f4 Rg8 12. g3 h5 13. Kb1 h4 14. Qe1
hxg3 15. hxg3 Na5 16. Nd4 a6 17. Rh7 Rg7 18. Rxg7 Bxg7 19. Nf5 Bf8 20. Ne3 Nc6
21. a3 Kb8 22. Rd3 Bc8 23. Be2 Qc7 24. Qh1 Be7 25. Qh7 Rf8 26. Bh5 f5 27. exf5
d5 28. Ne2 d4 29. Nxd4 Nxd4 30. Rxd4 Bxa3 31. bxa3 Qb6+ 32. Rb4 Qxe3 33. Qg7
Rd8 34. Rb3 Qc5 35. Bxf7 exf5 36. Kb2 Rd7 37. Qf6 Rc7 38. Rc3 Qb5+ 39. Bb3 Rxc3
40. Qxc3 Qd7 41. Qe5+ Ka8 42. a4 Qc6 43. a5 Qd7 44. Bc4 Qc6 45. Bd3 Qg6 46. Qc7
Qg8 47. Kc3 Qe8 48. Kd4 Bd7 49. Qd6 Qh8+ 50. Ke3 Qg7 51. Kf2 Qh7 52. Ke3 Qg7
53. Kd2 Qf7 54. Qd4 Qh7 55. Kc3 Qe7 56. Kb2 Qe8 57. Qd6 Qh8+ 58. Qe5 Qf8 59.
Bc4 Bc6 60. Bb3 Ka7 61. Qd4+ Ka8 62. Be6 Bf3 63. Qc3 Bc6 64. Qe5 Qb4+ 65. Bb3
Qf8 66. Ka2 Bd7 67. Qc7 Bc6 68. Be6 Ka7 69. Qe5 Be4 70. Kb2 Qb4+ 71. Bb3 Ka8
72. c3 Qf8 73. g4 Qh6 74. gxf5 Qh1 75. f6 Qb1+ 76. Ka3 Bc2 77. Bxc2 Qxc2 78.
Qe8+ Ka7 79. f7 0-1

[Event "Olimpiada Dresden 2008 Femenina"]
[Site "Dresden GER"]
[Date "2008.11.15"]
[Round "3.4"]
[White "Chiburdanidze, Maia"]
[Black "Klinova, Masha"]
[Result "1/2-1/2"]
[WhiteElo "2489"]
[BlackElo "2327"]
[PlyCount "112"]
[EventDate "2008.11.13"]
[EventType "team-tourn"]
[EventRounds "11"]
[EventCountry "GER"]
[Source "lmi"]
[SourceDate "2008.11.13"]
[WhiteTeam "Georgia"]
[BlackTeam "Israel"]
[WhiteTeamCountry "GEO"]
[BlackTeamCountry "ISR"]

1. d4 Nf6 2. c4 e6 3. Nc3 Bb4 4. Qc2 d5 5. cxd5 exd5 6. Bg5 h6 7. Bxf6 Qxf6 8.
Nf3 O-O 9. e3 Bf5 10. Bd3 Bxd3 11. Qxd3 c6 12. O-O Nd7 13. a3 Bxc3 14. Qxc3 Nb6
15. Ne5 Qf5 16. Rfc1 f6 17. Nd3 Nc4 18. Nc5 Nd6 19. Qc2 Qxc2 20. Rxc2 Rae8 21.
g3 g5 22. Kg2 Kg7 23. a4 Re7 24. Rh1 Kg6 25. Rc3 h5 26. h4 Rh8 27. Rcc1 Rhh7
28. Rh2 Nf5 29. hxg5 fxg5 30. Nd3 g4 31. Rch1 Kg5 32. Nf4 Ng7 33. b4 a6 34. b5
axb5 35. axb5 Rh6 36. Ra1 Nf5 37. Ra8 h4 38. gxh4+ Nxh4+ 39. Rxh4 Kxh4 40. Rg8
Rf7 41. f3 Rxf4 42. exf4 cxb5 43. Rxg4+ Kh5 44. Rg5+ Kh4 45. Rg7 Kh5 46. Rxb7
Ra6 47. Rxb5 Kh4 48. Rb2 Ra4 49. Rd2 Kh5 50. Kg3 Rb4 51. Rd1 Ra4 52. Kh3 Ra3
53. Rh1 Rd3 54. Kg3+ Kg6 55. Rh4 Rd2 56. Rg4+ Kf6 1/2-1/2

[Event "Olimpiada Dresden 2008 Femenina"]
[Site "Dresden GER"]
[Date "2008.11.15"]
[Round "3.4"]
[White "Borsuk, Angela"]
[Black "Dzagnidze, Nana"]
[Result "1/2-1/2"]
[WhiteElo "2398"]
[BlackElo "2503"]
[PlyCount "85"]
[EventDate "2008.11.13"]
[EventType "team-tourn"]
[EventRounds "11"]
[EventCountry "GER"]
[Source "lmi"]
[SourceDate "2008.11.13"]
[WhiteTeam "Israel"]
[BlackTeam "Georgia"]
[WhiteTeamCountry "ISR"]
[BlackTeamCountry "GEO"]

1. c4 c6 2. e4 d5 3. cxd5 cxd5 4. e5 Nc6 5. d4 Bf5 6. Bd3 Bxd3 7. Qxd3 e6 8.
Nf3 Nge7 9. h4 Qb6 10. Nc3 Nf5 11. Be3 Rd8 12. g4 Nxe3 13. fxe3 Be7 14. O-O O-O
15. Rf2 Nb4 16. Qd2 Qa6 17. Rd1 f6 18. a3 Nc6 19. exf6 Rxf6 20. Ne2 Bd6 21.
Rdf1 Na5 22. Ng5 Rxf2 23. Rxf2 Be7 24. e4 h6 25. Qf4 Rf8 26. Qc7 Rxf2 27. Kxf2
Bxg5 28. hxg5 Qb6 29. Qc8+ Kh7 30. g6+ Kxg6 31. exd5 Qd6 32. Qxe6+ Qxe6 33.
dxe6 Kf6 34. d5 Nc4 35. Nd4 g6 36. b3 Nd6 37. Nf3 Nb5 38. Ke3 Nxa3 39. Nd4 Ke7
40. Kf4 Kd6 41. g5 h5 42. Nf5+ Kc7 43. d6+ 1/2-1/2

[Event "Olimpiada Dresden 2008 Femenina"]
[Site "Dresden GER"]
[Date "2008.11.15"]
[Round "3.4"]
[White "Efroimski, Marsel"]
[Black "Khukhashvili, Sopiko"]
[Result "0-1"]
[WhiteElo "2052"]
[BlackElo "2409"]
[PlyCount "66"]
[EventDate "2008.11.13"]
[EventType "team-tourn"]
[EventRounds "11"]
[EventCountry "GER"]
[Source "lmi"]
[SourceDate "2008.11.13"]
[WhiteTeam "Israel"]
[BlackTeam "Georgia"]
[WhiteTeamCountry "ISR"]
[BlackTeamCountry "GEO"]

1. Nf3 Nf6 2. c4 g6 3. Nc3 d5 4. cxd5 Nxd5 5. Qa4+ Bd7 6. Qh4 Bc6 7. Ne5 Bg7 8.
Nxc6 Nxc6 9. e3 e6 10. Qxd8+ Rxd8 11. Nxd5 Rxd5 12. a3 O-O 13. d4 Na5 14. Rb1
b5 15. b4 Nc4 16. Bxc4 bxc4 17. Bb2 a5 18. Rc1 axb4 19. axb4 Rb8 20. Rxc4 c5
21. Ke2 cxb4 22. Ra1 Rdb5 23. Rc7 e5 24. dxe5 Bxe5 25. Bxe5 Rxe5 26. Raa7 Reb5
27. Rxf7 b3 28. Rg7+ Kh8 29. Rxh7+ Kg8 30. Rag7+ Kf8 31. Rd7 Kg8 32. Rhg7+ Kh8
33. Rh7+ Kg8 0-1

[Event "Olimpiada Dresden 2008 Femenina"]
[Site "Dresden GER"]
[Date "2008.11.15"]
[Round "3.5"]
[White "Endress, Anna"]
[Black "Andriasian, Siranush"]
[Result "0-1"]
[WhiteElo "2067"]
[BlackElo "2290"]
[PlyCount "87"]
[EventDate "2008.11.13"]
[EventType "team-tourn"]
[EventRounds "11"]
[EventCountry "GER"]
[Source "lmi"]
[SourceDate "2008.11.13"]
[WhiteTeam "Alemania"]
[BlackTeam "Armenia"]
[WhiteTeamCountry "GER"]
[BlackTeamCountry "ARM"]

1. e4 e5 2. Nf3 Nc6 3. Bb5 a6 4. Bxc6 dxc6 5. O-O f6 6. d4 exd4 7. Nxd4 c5 8.
Ne2 Qxd1 9. Rxd1 Bd7 10. Nbc3 O-O-O 11. Be3 Re8 12. Rd2 Bc6 13. Rad1 b6 14. a4
Ne7 15. a5 Kb7 16. Ng3 g6 17. axb6 cxb6 18. Bf4 a5 19. Nf1 g5 20. Bd6 Nc8 21.
Bxf8 Rhxf8 22. Ne3 b5 23. f3 a4 24. Nf5 b4 25. Nb1 Re5 26. c3 Nb6 27. cxb4 cxb4
28. Rd4 b3 29. Na3 Rc5 30. Rb4 Kc7 31. Nd4 Bd7 32. h3 Rd8 33. Kf2 Rb8 34. Ke1
Kb7 35. Nxb3 Rc7 36. Rd6 Ka6 37. Nd2 Rc6 38. Rxb6+ Rbxb6 39. Rxd7 Rxb2 40. Rd4
Rc1+ 41. Ke2 Kb7 42. Rxa4 Ra1 43. Ke3 Rb6 44. Ra5 0-1

[Event "Olimpiada Dresden 2008 Femenina"]
[Site "Dresden GER"]
[Date "2008.11.15"]
[Round "3.6"]
[White "Vajda, Szidonia"]
[Black "Ubaldo Suarez, Maria Gisela"]
[Result "1-0"]
[WhiteElo "2380"]
[BlackElo "2089"]
[PlyCount "82"]
[EventDate "2008.11.13"]
[EventType "team-tourn"]
[EventRounds "11"]
[EventCountry "GER"]
[Source "lmi"]
[SourceDate "2008.11.13"]
[WhiteTeam "Hungría"]
[BlackTeam "Venezuela"]
[WhiteTeamCountry "HUN"]
[BlackTeamCountry "VEN"]

1. d4 Nf6 2. c4 e6 3. Nf3 b6 4. g3 Ba6 5. b3 Bb4+ 6. Bd2 Be7 7. Bg2 c6 8. Bc3
d5 9. Nbd2 Nbd7 10. O-O O-O 11. Re1 Bb7 12. e4 a5 13. Qc2 Rc8 14. Rad1 Qc7 15.
h4 Rfd8 16. Ng5 Nf8 17. e5 Ne8 18. Bf1 c5 19. Qb2 cxd4 20. Bxd4 h6 21. Ngf3
dxc4 22. bxc4 Nd7 23. Rb1 Bc6 24. Ne4 Nc5 25. Bxc5 Bxc5 26. Nxc5 bxc5 27. Bg2
Rd3 28. Qe2 Rcd8 29. Red1 Be4 30. Rbc1 Rxd1+ 31. Rxd1 Rxd1+ 32. Qxd1 g6 33. Qd2
Bxf3 34. Bxf3 Ng7 35. Bg4 h5 36. Bh3 a4 37. Qe3 Qb6 38. Qd2 a3 39. Kg2 Qb2 40.
Qd8+ Kh7 41. Qf6 Qxa2 1-0

[Event "Olimpiada Dresden 2008 Femenina"]
[Site "Dresden GER"]
[Date "2008.11.15"]
[Round "3.6"]
[White "Rudolf, Anna"]
[Black "Hernandez, Zaida"]
[Result "1-0"]
[WhiteElo "2318"]
[BlackElo "2039"]
[PlyCount "94"]
[EventDate "2008.11.13"]
[EventType "team-tourn"]
[EventRounds "11"]
[EventCountry "GER"]
[Source "lmi"]
[SourceDate "2008.11.13"]
[WhiteTeam "Hungría"]
[BlackTeam "Venezuela"]
[WhiteTeamCountry "HUN"]
[BlackTeamCountry "VEN"]

1. d3 d5 2. Nd2 Nf6 3. g3 e5 4. Bg2 Nc6 5. c3 Be6 6. e4 dxe4 7. dxe4 Bc5 8.
Ngf3 a5 9. Qe2 Nd7 10. O-O Nb6 11. Qb5 Bd6 12. a4 O-O 13. Re1 Ne7 14. Qd3 f6
15. Bf1 Qe8 16. b3 Qf7 17. Qc2 h6 18. Nh4 g6 19. Rb1 Kg7 20. Ng2 Bc5 21. b4 Bd6
22. bxa5 Rxa5 23. c4 Nc6 24. Ne3 Nd4 25. Qd1 Nxa4 26. Bb2 Nxb2 27. Rxb2 b6 28.
Nd5 Bc5 29. Bd3 Rfa8 30. Qb1 Ra3 31. Kg2 Qd7 32. f4 Bh3+ 33. Kh1 R8a6 34. Bf1
Be6 35. Bg2 Qd8 36. Rf1 c6 37. fxe5 fxe5 38. Qe1 Ra1 39. Nb1 R6a2 40. Rxa2 Rxa2
41. Nbc3 Ra7 42. Ne3 Bb4 43. Qc1 Nb3 44. Qb2 Qd2 45. Ncd1 Qxb2 46. Nxb2 Bc5 47.
Ned1 Nd2 1-0

[Event "Olimpiada Dresden 2008 Femenina"]
[Site "Dresden GER"]
[Date "2008.11.15"]
[Round "3.7"]
[White "Majdan, Joanna"]
[Black "Mendoza Velazquez, Lorena Aleja"]
[Result "1-0"]
[WhiteElo "2284"]
[BlackElo "2015"]
[PlyCount "74"]
[EventDate "2008.11.13"]
[EventType "team-tourn"]
[EventRounds "11"]
[EventCountry "GER"]
[Source "lmi"]
[SourceDate "2008.11.13"]
[WhiteTeam "Polonia"]
[BlackTeam "México"]
[WhiteTeamCountry "POL"]
[BlackTeamCountry "MEX"]

1. e4 c6 2. d4 d5 3. e5 g6 4. Nf3 Bg7 5. c4 f6 6. Nc3 fxe5 7. dxe5 e6 8. h4 Nd7
9. Bf4 Nh6 10. h5 Nf7 11. cxd5 cxd5 12. hxg6 hxg6 13. Rxh8+ Bxh8 14. Nxd5 exd5
15. e6 Qe7 16. Qe2 Kf8 17. exf7 Bxb2 18. Rb1 Bc3+ 19. Kd1 Qxe2+ 20. Bxe2 Kxf7
21. Rc1 Ba5 22. Ng5+ Kf6 23. Bg4 Nb6 24. Nh7+ Kg7 25. Bxc8 Rxc8 26. Rxc8 Nxc8
27. Ng5 Kf6 28. g4 Nb6 29. Bc1 Nc4 30. f4 b5 31. Nf3 Bb6 32. Ke2 a5 33. Kd3 b4
34. Nd4 a4 35. g5+ Kf7 36. f5 Ne5+ 37. Ke3 gxf5 1-0

[Event "Olimpiada Dresden 2008 Femenina"]
[Site "Dresden GER"]
[Date "2008.11.15"]
[Round "3.7"]
[White "Real Pereyra, Diana Karime"]
[Black "Przezdziecka, Marta"]
[Result "0-1"]
[WhiteElo "1766"]
[BlackElo "2327"]
[PlyCount "56"]
[EventDate "2008.11.13"]
[EventType "team-tourn"]
[EventRounds "11"]
[EventCountry "GER"]
[Source "lmi"]
[SourceDate "2008.11.13"]
[WhiteTeam "México"]
[BlackTeam "Polonia"]
[WhiteTeamCountry "MEX"]
[BlackTeamCountry "POL"]

1. d4 d6 2. Nf3 g6 3. c4 Bg7 4. Nc3 Bg4 5. g3 Nc6 6. d5 Bxf3 7. exf3 Nd4 8. Bh3
e5 9. dxe6 fxe6 10. O-O Ne7 11. Nb5 Nxb5 12. cxb5 Nf5 13. Re1 Qe7 14. g4 Nh4
15. Qb3 O-O 16. Rxe6 Nxf3+ 17. Kg2 Qf7 18. Re7 Qxb3 19. axb3 Be5 20. Rxc7 d5
21. Re7 Ne1+ 22. Kf1 Nd3 23. Ke2 Bf6 24. Rxb7 Nxf2 25. Bg2 Rae8+ 26. Kxf2 Bh4+
27. Kg1 Bf2+ 28. Kf1 Re1# 0-1

[Event "Olimpiada Dresden 2008 Femenina"]
[Site "Dresden GER"]
[Date "2008.11.15"]
[Round "3.8"]
[White "Treppendahl, Trine"]
[Black "Stojanovic, Andjelija"]
[Result "0-1"]
[WhiteElo "2049"]
[BlackElo "2357"]
[PlyCount "61"]
[EventDate "2008.11.13"]
[EventType "team-tourn"]
[EventRounds "11"]
[EventCountry "GER"]
[Source "lmi"]
[SourceDate "2008.11.13"]
[WhiteTeam "Dinamarca"]
[BlackTeam "SRB"]
[WhiteTeamCountry "DEN"]

1. e4 c5 2. Nf3 g6 3. d4 cxd4 4. Nxd4 Bg7 5. Nc3 Nc6 6. Be3 Nf6 7. Bc4 O-O 8.
Bb3 a5 9. O-O a4 10. Nxa4 Nxe4 11. Nb5 Ra6 12. c4 b6 13. Bf4 d6 14. Bc2 Nc5 15.
Nxc5 bxc5 16. Qc1 Be6 17. Bb3 Nd4 18. Nxd4 Bxd4 19. Be3 Be5 20. Bf4 Bd4 21. Be3
Be5 22. Bd2 Qa8 23. Bc3 Bxc3 24. Qxc3 Rb8 25. Rfe1 Rab6 26. h4 h5 27. Rac1 d5
28. cxd5 Bxd5 29. Rxe7 Bxb3 30. axb3 Rxb3 31. Qc4 0-1

[Event "Olimpiada Dresden 2008 Femenina"]
[Site "Dresden GER"]
[Date "2008.11.15"]
[Round "3.8"]
[White "Benderac, Ana"]
[Black "Frank-Nielsen, Marie"]
[Result "1-0"]
[WhiteElo "2310"]
[BlackElo "1971"]
[PlyCount "56"]
[EventDate "2008.11.13"]
[EventType "team-tourn"]
[EventRounds "11"]
[EventCountry "GER"]
[Source "lmi"]
[SourceDate "2008.11.13"]
[WhiteTeam "SRB"]
[BlackTeam "Dinamarca"]
[BlackTeamCountry "DEN"]

1. e4 c5 2. Nf3 e6 3. d4 cxd4 4. Nxd4 a6 5. Nd2 d6 6. g3 Nf6 7. Bg2 Qc7 8. O-O
Be7 9. c4 Nc6 10. Nxc6 bxc6 11. b3 O-O 12. Bb2 a5 13. Re1 Nd7 14. Qc2 Bb7 15.
f4 e5 16. Nf3 Rfe8 17. Rad1 f6 18. Bh3 Nf8 19. c5 exf4 20. gxf4 d5 21. e5 Ng6
22. Be6+ Kh8 23. Bf7 Bxc5+ 24. Qxc5 Qxf7 25. exf6 Nxf4 26. fxg7+ Kg8 27. Qd6
Qf5 28. Ne5 Qc2 1-0

[Event "Olimpiada Dresden 2008 Femenina"]
[Site "Dresden GER"]
[Date "2008.11.15"]
[Round "3.9"]
[White "Munguntuul, Batkhuyag"]
[Black "Lahno, Kateryna"]
[Result "1-0"]
[WhiteElo "2410"]
[BlackElo "2488"]
[PlyCount "46"]
[EventDate "2008.11.13"]
[EventType "team-tourn"]
[EventRounds "11"]
[EventCountry "GER"]
[Source "lmi"]
[SourceDate "2008.11.13"]
[WhiteTeam "Mongolia"]
[BlackTeam "Ucrania"]
[WhiteTeamCountry "MGL"]
[BlackTeamCountry "UKR"]

1. Nf3 Nf6 2. c4 e6 3. Nc3 Bb4 4. Qc2 O-O 5. a3 Bxc3 6. Qxc3 b6 7. e3 Bb7 8.
Be2 d6 9. O-O Nbd7 10. b4 e5 11. Bb2 Re8 12. Rae1 c5 13. d4 cxd4 14. exd4 Rc8
15. dxe5 dxe5 16. Bd1 Nd5 17. Qd2 Nf4 18. Bxe5 Nxg2 19. Kxg2 Nxe5 20. Qxd8
Rcxd8 21. Be2 Re6 22. Rd1 Rde8 23. Rd5 Ng6 1-0

[Event "Olimpiada Dresden 2008 Femenina"]
[Site "Dresden GER"]
[Date "2008.11.15"]
[Round "3.9"]
[White "Zhukova, Natalia"]
[Black "Yanjindulam, Dulamsuren"]
[Result "1-0"]
[WhiteElo "2488"]
[BlackElo "2286"]
[PlyCount "115"]
[EventDate "2008.11.13"]
[EventType "team-tourn"]
[EventRounds "11"]
[EventCountry "GER"]
[Source "lmi"]
[SourceDate "2008.11.13"]
[WhiteTeam "Ucrania"]
[BlackTeam "Mongolia"]
[WhiteTeamCountry "UKR"]
[BlackTeamCountry "MGL"]

1. e4 c5 2. Nf3 d6 3. d4 cxd4 4. Nxd4 Nf6 5. Nc3 a6 6. a4 e5 7. Nf3 Be7 8. Bg5
Be6 9. Bxf6 Bxf6 10. Nd5 Bxd5 11. Qxd5 Qc7 12. Bc4 O-O 13. O-O Nd7 14. Bb3 Nc5
15. Rfd1 Be7 16. Nd2 Kh8 17. Nc4 Rad8 18. Re1 f5 19. f3 fxe4 20. fxe4 Qd7 21.
Rf1 b5 22. axb5 axb5 23. Ne3 g6 24. Rxf8+ Rxf8 25. Rf1 Nxb3 26. Qxb3 Rxf1+ 27.
Kxf1 Kg7 28. Nd5 Bg5 29. Qg3 Bd8 30. Qf3 Qa7 31. b4 Qa1+ 32. Kf2 Bg5 33. g3
Qd4+ 34. Kg2 Qd2+ 35. Qf2 Qd1 36. h4 Bd8 37. Nc3 Qg4 38. Qe2 Qe6 39. Qxb5 g5
40. hxg5 Bxg5 41. Qe2 Qg6 42. b5 Bh4 43. Qf3 Bd8 44. Nd5 Qg5 45. Qe3 Qg4 46. b6
Qc8 47. Qb3 Qg4 48. Qc4 Qd1 49. b7 Qd2+ 50. Kf3 Qd1+ 51. Kf2 Qd2+ 52. Qe2 Qd4+
53. Kg2 Qb2 54. Qg4+ Kh6 55. Qc8 Qb5 56. Nc3 Qb2 57. b8=Q Qxc2+ 58. Kh3 1-0

[Event "Olimpiada Dresden 2008 Femenina"]
[Site "Dresden GER"]
[Date "2008.11.15"]
[Round "3.9"]
[White "Enxtuul, Altanolzii"]
[Black "Gaponenko, Inna"]
[Result "0-1"]
[WhiteElo "1977"]
[BlackElo "2473"]
[PlyCount "112"]
[EventDate "2008.11.13"]
[EventType "team-tourn"]
[EventRounds "11"]
[EventCountry "GER"]
[Source "lmi"]
[SourceDate "2008.11.13"]
[WhiteTeam "Mongolia"]
[BlackTeam "Ucrania"]
[WhiteTeamCountry "MGL"]
[BlackTeamCountry "UKR"]

1. e4 c5 2. Nf3 d6 3. d4 cxd4 4. Nxd4 Nf6 5. Nc3 Nc6 6. Be2 g6 7. O-O Bg7 8.
Be3 O-O 9. Kh1 d5 10. exd5 Nb4 11. d6 Qxd6 12. Ndb5 Qb8 13. a3 Nc6 14. Bf3 a6
15. Nd4 Nxd4 16. Qxd4 Ng4 17. Qf4 Be5 18. Qe4 Nxh2 19. Rfe1 Nxf3 20. Qxf3 Be6
21. Rad1 Qc7 22. Bd4 Bxd4 23. Rxd4 Rfd8 24. Red1 Rxd4 25. Rxd4 Rc8 26. Kg1 b5
27. Qd1 Kg7 28. Qd2 h5 29. Qg5 Qc5 30. Qd2 Rc6 31. Qd1 Qe5 32. Re4 Qf6 33. Rd4
h4 34. Ne4 Qe5 35. c3 Rc4 36. Rxc4 Bxc4 37. Qd4 Qxd4 38. cxd4 Bd5 39. Nc5 a5
40. Kh2 g5 41. g3 Kg6 42. Kh3 Kh5 43. g4+ Kg6 44. f4 f6 45. Na6 gxf4 46. Nc7
Bc4 47. Kxh4 e5 48. d5 Kf7 49. d6 b4 50. Kh3 bxa3 51. bxa3 Be6 52. Kh4 e4 53.
d7 Bxd7 54. Nd5 f3 55. Kg3 Ke6 56. Ne3 Bb5 0-1

[Event "Olimpiada Dresden 2008 Femenina"]
[Site "Dresden GER"]
[Date "2008.11.15"]
[Round "3.9"]
[White "Zdebskaja, Natalia"]
[Black "Nyamtuya, Onorjargal"]
[Result "1-0"]
[WhiteElo "2419"]
[BlackElo "1958"]
[PlyCount "88"]
[EventDate "2008.11.13"]
[EventType "team-tourn"]
[EventRounds "11"]
[EventCountry "GER"]
[Source "lmi"]
[SourceDate "2008.11.13"]
[WhiteTeam "Ucrania"]
[BlackTeam "Mongolia"]
[WhiteTeamCountry "UKR"]
[BlackTeamCountry "MGL"]

1. Nf3 Nf6 2. g3 d5 3. Bg2 c6 4. O-O Bf5 5. d3 h6 6. b3 e6 7. Bb2 Be7 8. Nbd2
O-O 9. Re1 Bh7 10. e4 Nbd7 11. Qe2 a5 12. a4 Nc5 13. Red1 Rc8 14. Ne1 Qc7 15.
e5 Nfd7 16. Nf1 Rb8 17. d4 Na6 18. c4 Nb4 19. Ne3 Rfe8 20. f4 Nb6 21. Bc3 Ra8
22. g4 f6 23. Bxb4 axb4 24. a5 Nd7 25. cxd5 cxd5 26. f5 fxe5 27. fxe6 Nf6 28.
Rac1 Qd6 29. g5 hxg5 30. dxe5 Qxe5 31. Nf3 Qf4 32. Rd4 Be4 33. Nd2 Rxa5 34.
Nxe4 dxe4 35. Rdc4 Bd6 36. Nf1 b6 37. Kh1 Bc5 38. Bxe4 Nxe4 39. Qxe4 Qf6 40.
Re1 Qf2 41. Rxc5 bxc5 42. e7 Ra7 43. Qc4+ Qf7 44. Qxc5 Raxe7 1-0

[Event "Olimpiada Dresden 2008 Femenina"]
[Site "Dresden GER"]
[Date "2008.11.15"]
[Round "3.10"]
[White "Dembo, Yelena"]
[Black "Sukandar, Irine Kharisma"]
[Result "1/2-1/2"]
[WhiteElo "2446"]
[BlackElo "2303"]
[PlyCount "51"]
[EventDate "2008.11.13"]
[EventType "team-tourn"]
[EventRounds "11"]
[EventCountry "GER"]
[Source "lmi"]
[SourceDate "2008.11.13"]
[WhiteTeam "Grecia"]
[BlackTeam "Indonesia"]
[WhiteTeamCountry "GRE"]
[BlackTeamCountry "INA"]

1. e4 c5 2. Nf3 g6 3. c3 Bg7 4. d4 cxd4 5. cxd4 d5 6. e5 Bg4 7. Bb5+ Nc6 8.
Nbd2 Qb6 9. Bxc6+ Qxc6 10. O-O Nh6 11. Nb3 O-O 12. h3 Bxf3 13. Qxf3 f6 14. exf6
Rxf6 15. Qe2 Nf5 16. Bf4 Re6 17. Qd2 Qb5 18. Rfe1 Rxe1+ 19. Qxe1 Nxd4 20. Nxd4
Bxd4 21. Qe6+ Kh8 22. Rd1 Qb6 23. Qxe7 Bxb2 24. Be5+ Bxe5 25. Qxe5+ Kg8 26.
Qxd5+ 1/2-1/2

[Event "Olimpiada Dresden 2008 Femenina"]
[Site "Dresden GER"]
[Date "2008.11.15"]
[Round "3.10"]
[White "Lindiawati, Evi"]
[Black "Botsari, Anna-Maria"]
[Result "1-0"]
[WhiteElo "2121"]
[BlackElo "2308"]
[PlyCount "56"]
[EventDate "2008.11.13"]
[EventType "team-tourn"]
[EventRounds "11"]
[EventCountry "GER"]
[Source "lmi"]
[SourceDate "2008.11.13"]
[WhiteTeam "Indonesia"]
[BlackTeam "Grecia"]
[WhiteTeamCountry "INA"]
[BlackTeamCountry "GRE"]

1. e4 e6 2. d4 d5 3. e5 c5 4. c3 Bd7 5. Nf3 Nc6 6. a3 c4 7. Nbd2 Na5 8. g3 Ne7
9. h4 Nc8 10. Bg2 Nb6 11. O-O Qe7 12. Ne1 O-O-O 13. f4 f5 14. exf6 gxf6 15. Bh3
e5 16. Bxd7+ Qxd7 17. Kh2 exd4 18. cxd4 Rg8 19. Ng2 Re8 20. Re1 Bd6 21. Rxe8+
Qxe8 22. Nf1 Nb3 23. Rb1 Qe4 24. Be3 Na4 25. Nd2 Nxd2 26. Bxd2 Qxd4 27. Qxa4
Qxd2 28. Rd1 Qf2 1-0

[Event "Olimpiada Dresden 2008 Femenina"]
[Site "Dresden GER"]
[Date "2008.11.15"]
[Round "3.10"]
[White "Kadek, Iin Dwijayanti"]
[Black "Stiri, Alexandra"]
[Result "1-0"]
[WhiteElo "1859"]
[BlackElo "2171"]
[PlyCount "80"]
[EventDate "2008.11.13"]
[EventType "team-tourn"]
[EventRounds "11"]
[EventCountry "GER"]
[Source "lmi"]
[SourceDate "2008.11.13"]
[WhiteTeam "Indonesia"]
[BlackTeam "Grecia"]
[WhiteTeamCountry "INA"]
[BlackTeamCountry "GRE"]

1. e4 c5 2. Nf3 Nc6 3. d4 cxd4 4. Nxd4 Qc7 5. Nc3 e6 6. Be2 Nf6 7. O-O a6 8.
Be3 Be7 9. Nxc6 bxc6 10. f4 d5 11. e5 Nd7 12. Bf3 O-O 13. Ne2 a5 14. Qd2 Ba6
15. Rfd1 Rfd8 16. Qe1 a4 17. b3 Rab8 18. c3 Bxe2 19. Qxe2 axb3 20. axb3 Rxb3
21. Bd2 Rb2 22. c4 Nb6 23. cxd5 cxd5 24. Qe1 Nc4 25. Bc3 Bc5+ 26. Kh1 Bf2 27.
Ba5 Qb8 28. Qc3 Rc8 29. Qd3 Rb3 30. Qe2 Rb2 31. Qd3 g6 32. Bc3 Rb3 33. Rab1 Ne3
34. Rxb3 Qxb3 35. Rc1 Qa3 36. Qd2 Nc4 37. Bb2 Qe3 38. Qe2 Rb8 39. Rxc4 dxc4 40.
Qd1 Qd3 1-0

[Event "Olimpiada Dresden 2008 Femenina"]
[Site "Dresden GER"]
[Date "2008.11.15"]
[Round "3.11"]
[White "Donatti, Sofia"]
[Black "Ziogaite, Jovita"]
[Result "1/2-1/2"]
[WhiteElo "1678"]
[BlackElo "2093"]
[PlyCount "54"]
[EventDate "2008.11.13"]
[EventType "team-tourn"]
[EventRounds "11"]
[EventCountry "GER"]
[Source "lmi"]
[SourceDate "2008.11.13"]
[WhiteTeam "Uruguay"]
[BlackTeam "Lituania"]
[WhiteTeamCountry "URU"]
[BlackTeamCountry "LTU"]

1. d4 d5 2. c4 e6 3. Nc3 Be7 4. cxd5 exd5 5. Bf4 c6 6. f3 Bd6 7. Bxd6 Qxd6 8.
e4 dxe4 9. fxe4 Ne7 10. Nf3 O-O 11. Qd2 Nd7 12. e5 Qb4 13. Bd3 Rd8 14. O-O Nf8
15. a3 Qb6 16. Na4 Qc7 17. Ng5 Be6 18. Nc5 Bd5 19. Be4 Bc4 20. Qc2 Rxd4 21.
Bxh7+ Kh8 22. e6 f5 23. Bxf5 Bxf1 24. Be4 Qf4 25. Nf7+ Kg8 26. Rxf1 Qe3+ 27.
Kh1 b6 1/2-1/2

[Event "Olimpiada Dresden 2008 Femenina"]
[Site "Dresden GER"]
[Date "2008.11.15"]
[Round "3.12"]
[White "Sebag, Marie"]
[Black "Terao, Juliana Sayumi"]
[Result "1-0"]
[WhiteElo "2533"]
[BlackElo "2143"]
[PlyCount "84"]
[EventDate "2008.11.13"]
[EventType "team-tourn"]
[EventRounds "11"]
[EventCountry "GER"]
[Source "lmi"]
[SourceDate "2008.11.13"]
[WhiteTeam "Francia"]
[BlackTeam "Brasil"]
[WhiteTeamCountry "FRA"]
[BlackTeamCountry "BRA"]

1. d4 Nf6 2. c4 e6 3. Nf3 c5 4. d5 d6 5. Nc3 exd5 6. cxd5 g6 7. g3 Bg7 8. Bg2
O-O 9. O-O a6 10. a4 Nbd7 11. Nd2 Re8 12. h3 Qc7 13. Qb3 Rb8 14. Nc4 b6 15. Kh2
Ne5 16. Na3 Qe7 17. Nc4 Nxc4 18. Qxc4 Nd7 19. e4 Ne5 20. Qe2 c4 21. Be3 Nd3 22.
Qc2 Bd7 23. Ne2 Nc5 24. Nd4 Nxe4 25. Rfe1 Rbc8 26. Nc6 Bxc6 27. dxc6 d5 28.
Rad1 Qe6 29. Bxb6 Qxc6 30. a5 h5 31. h4 Re6 32. Bxe4 Rxe4 33. Rxe4 dxe4 34. Re1
Re8 35. Rc1 Rc8 36. Rd1 Bf6 37. Rd2 Qe6 38. Re2 Re8 39. f3 Qc8 40. fxe4 Qg4 41.
Bc7 c3 42. e5 cxb2 1-0